Bodyscopes /
Guardat en:
| Autor principal: | |
|---|---|
| Format: | Llibre |
| Idioma: | alemany |
| Publicat: |
Berlin
Gmünder
1987
|
| Etiquetes: |
Sense etiquetes, Sigues el primer a etiquetar aquest registre!
|
MARC
| LEADER | 00000nam a2200000 c 4500 | ||
|---|---|---|---|
| 001 | 871038315 | ||
| 003 | DE-101 | ||
| 005 | 20251016102458.0 | ||
| 007 | tu | ||
| 008 | 870901s1987 gw ||||| |||| 00||||ger | ||
| 015 | |a 87,A38,0904 |2 dnb | ||
| 016 | 7 | |2 DE-101 |a 871038315 | |
| 020 | |a 9783924163273 | ||
| 020 | |a 3924163278 | ||
| 035 | |a (DE-599)DNB871038315 | ||
| 035 | |a (OCoLC)74854506 | ||
| 040 | |a 1200 |b ger |c DE-101 |d 9999 | ||
| 041 | |a ger | ||
| 044 | |c XA-DE | ||
| 100 | 1 | |8 1\p |0 (DE-588)118824082 |0 https://d-nb.info/gnd/118824082 |0 (DE-101)118824082 |a Hermann, Neil |4 aut |2 gnd | |
| 245 | 1 | 0 | |a Bodyscopes / |c Fotogr. von Neil Hermann |
| 264 | 1 | |a Berlin |b Gmünder |c 1987 | |
| 300 | |a [79] p. |b solo ill. |c 30 cm | ||
| 850 | |a DE-101a |a DE-101b | ||
| 942 | |2 ddc |c BK | ||
| 952 | |0 0 |1 0 |2 ddc |4 0 |6 B_AFT01HERNEBOD11 |7 0 |9 7408 |a MI |b MI |d 2010-07-30 |i 6029 |l 0 |o B-AFT01-HERNE-BOD11 |p CDOM6029 |r 2025-07-13 16:28:00 |w 2025-07-13 |x ACQUISTO |y BK | ||
| 999 | |c 8120 |d 8120 | ||